000 00198nam a2200085Ia 4500
008 120527s9999 xx 000 0 und d
100 _aLearning Express
245 _aHome Health Aide Exam
942 _cBK
999 _c27700
_d27700